export_success — 

Malaysia agribusiness directory 2011-2012.

Bibliographic Details
Format: Book
Published: Petaling Jaya: Agribusiness Publishing, 2011.
Subjects:
LEADER 00833cam a2200205 7i4500
001 0000026863
005 20110912090000.0
022 0 0 |a 2231-8348 
090 0 0 |a M 630.1025   |b MAL 
245 0 0 |a Malaysia agribusiness directory 2011-2012. 
260 0 0 |a Petaling Jaya:   |b Agribusiness Publishing,   |c 2011. 
300 # # |a 450 p. 
650 0 0 |a Agriculture --   |x Directories --   |z Malaysia  
651 0 0 |a Malaysia  
999 |a JHR000291B  |b Directories  |c Malaysia  |e MATRADE Southern Regional Office 
999 |a 0000029081  |b Directories  |c Malaysia  |e Business Information Centre 
999 |a PNG001000B  |b Directories  |c Malaysia  |e MATRADE Northern Regional Office 
999 |a SBH000968B  |b Directories  |c Malaysia  |e MATRADE Sabah 
999 |a SRW000395B  |b Directories  |c Malaysia  |e MATRADE Sarawak 
999 |a TRG000277B  |b Directories  |c Malaysia  |e MATRADE Eastern Regional Office